Statistics for Test Cricket - Allrounders with 3000 runs and 300 wickets

Click here to take the quiz!

General Stats

  • This quiz has been taken 3,333 times
    (2,682 since last reset)
  • The average score is 7 of 9

Answer Stats

CountryRunsWicketsPlayer% Correct
England5200383Ian Botham
94%
India5248434Kapil Dev
90%
Australia3154708Shane Warne
86%
Pakistan3807362Imran Khan
83%
New Zealand3124431Richard Hadlee
82%
South Africa3781421Shaun Pollock
77%
England3211485Stuart Broad
76%
New Zealand4531362Daniel Vettori
73%
Sri Lanka3089355Chaminda Vaas
59%

Score Distribution

Percentile by Number Answered

Percent of People with Each Score

Your Score History

You have not taken this quiz since the last reset